| 000 | 00480nam a22001577a 4500 | ||
|---|---|---|---|
| 005 | 20231026064309.0 | ||
| 008 | 231026b |||||||| |||| 00| 0 eng d | ||
| 020 | _a0409056049 ; 0409056057 | ||
| 082 | _a346.7 SMI | ||
| 100 |
_aSmith, C _lEnglish |
||
| 245 |
_aThe Law Of Insolvency / _cC Smith |
||
| 260 |
_aDurban : _bButterworth Publishers (Pty) Ltd, _c1988 |
||
| 300 |
_bxi, 491 pages ; _c25,5 cm. |
||
| 650 |
_aLegal practice _bLaw |
||
| 942 |
_cBK _6ALISON_BN_VRIES |
||
| 999 |
_c64 _d64 |
||